| 000 | 01520nam a2200361 c 4500 | ||
|---|---|---|---|
| 003 | BLK | ||
| 005 | 20241217005412.0 | ||
| 008 | 180410b bul|||||r ||||||| ||bul|| | ||
| 010 | _aKNG00161225000 | ||
| 020 |
_a978-954-28-1491-7 _bиздат.: Сиела Норма |
||
| 040 | _aBLK | ||
| 041 |
_aBUL _cBUL |
||
| 072 | 7 |
_2bullib _aН8301 _xТрилъри Н |
|
| 080 |
_aТурска литература _b821.512.161 _x-312.4 _z821.512.161-312.4 |
||
| 100 | 1 |
_aЮмит, Ахмед _eпърви автор _9144937 |
|
| 700 | 1 |
_aКарастойчева, Емилия Станимирова _d1971 - _gИндолог. Преводач от английски език _qНичева-Карастойчева, Емилия Станимирова _976920 |
|
| 139 |
_aЮмит, Ахмед _bЮ 21 |
||
| 245 | 1 | 0 |
_aДервишката порта _bРоман _cАхмед Юмит; прев. от тур. Емилия Станимирова Ничева-Карастойчева. |
| 257 | _aTUR | ||
| 260 |
_аСофия _bСиела Норма _c2014 |
||
| 300 |
_a396 с. _c21 см |
||
| 380 | _aX | ||
| 500 | _aОриг. загл. Bab-i Esrar / Ahmet Umit. - Съдържа и за авт. | ||
| 653 | _aтрилъри | ||
| 653 | _aромани | ||
| 659 | _aН | ||
| 852 | _aЦб 269008 | ||
| 856 | 4 |
_qpdf _u |
|
| 856 | 4 |
_qpdf _u |
|
| 942 |
_cKNG _n0 _011 |
||
| 944 |
_aCR _c26.05.2014 _lCRON CRON _k |
||
| 944 |
_aED _c22.02.2017 _lф / _kВиолета_Тройчева |
||
| 999 |
_c154586 _d154586 |
||